NFL Best Wide Receivers - Statistics

General Stats
  • This quiz has been taken 61 times
  • The average score is 7 of 15
Answer Stats
Rank Team(s) Wide Reciever % Correct
1 49ers, Raiders, Seahawks Jerry Rice
96%
3 Vikings, Raiders, Pats, Titans Randy Moss
88%
14 Lions Calvin Johnson
73%
8 Colts Marvin Harrison
69%
6 Cardinals Larry Fitzgerald
63%
13 Cowboys Michael Irvin
50%
9 Seahawks Steve Largent
46%
7 49ers, Eagles, Cowboys, Bills, Bengals Terrel Owens
42%
12 Eagles, Vikings, Dolphins Cris Carter
33%
11 Raiders, Buccaneers Tim Brown
29%
2 Packers Don Hutson
21%
4 Chargers, Cowboys Lance Alworth
15%
10 Browns, Dolphins, Paul Warfield
15%
5 Colts Raymond Berry
15%
15 Rams Elroy Hirsch
8%
No matching quizzes found
Score Distribution
Percent of People with Each Score
Percentile by Number Answered
Your Score History
You have not taken this quiz